000 00524nam a22001817a 4500
999 _c17992
_d17992
008 191018b xxu||||| |||| 00| 0 eng d
020 _a1403916440
040 _aKABU
_cKABU
050 _aP241
_b.K38 2006 c. 1
100 _aKatamba, Francis
245 _aMorphology
_cFrancis Katamba and John Stonham
250 _a2nd ed.
260 _aNew York
_bPalgrave Macmillan
_c2006
300 _axvi, 382 p.
650 _aGrammar, Comparative and general
_xMorphology
700 _aStonham, John
942 _2lcc
_cBK
_hP241